String and list processing in SNOBOL4; techniques and applications

Saved in:
Bibliographic Details
Main Author: Griswold, Ralph E., 1934-
Format: Book
Language:English
Published: Englewoods Cliffs, N.J., Prentice-Hall [1975]
Series:Prentice-Hall series in automatic computation
Subjects:
LEADER 01064nam a2200265 4500
001 c000138983
003 CARM
005 00000000000000.0
008 740517s1975 njua b 00110 eng
019 1 |a 23072531  |z 441739  |5 LACONCORD2021 
020 |a 0138530106 
035 |a (OCoLC)922730  |5 LACONCORD2021 
050 0 0 |a QA76.73.S6  |b G77 
100 1 |a Griswold, Ralph E.,  |d 1934- 
245 1 0 |a String and list processing in SNOBOL4;  |b techniques and applications  |c [by] Ralph E. Griswold. 
260 |a Englewoods Cliffs, N.J.,  |b Prentice-Hall  |c [1975] 
300 |a xiv, 287 p.  |b illus.  |c 24 cm. 
490 0 |a Prentice-Hall series in automatic computation 
504 |a Includes bibliographical references. 
650 0 |a SNOBOL (Computer program language) 
650 0 |a List processing (Electronic computers) 
852 8 |b CARM  |h A2:AK34E0  |i C03692  |p 0193524  |f BK 
082 0 4 |a 001.6/424 
999 f f |i f6f90c94-8e8e-5bba-9515-561213b80d4f  |s 92adf8f3-bcec-598d-aa58-85a0e232e7a0 
952 f f |p Can circulate  |a CAVAL  |b CAVAL  |c CAVAL  |d CARM 1 Store  |e C03692  |f A2:AK34E0  |h Other scheme  |i book  |m 0193524